Statistics for Most Followed Football Clubs on Instagram

Click here to take the quiz!

General Stats

  • This quiz has been taken 46 times
  • The average score is 15 of 15

Answer Stats

PlaceFollowers (million)LeagueClub% Correct
2.123La LigaFC Barcelona
100%
5.59.1Serie AJuventus
100%
6.48.2Premier LeagueManchester City
100%
4.62.8Premier LeagueManchester United
100%
3.66.2Ligue 1Paris Saint-Germain
100%
1.145La LigaReal Madrid
100%
9.40.1BundesligaBayern Munich
98%
8.40.9Premier LeagueChelsea
98%
7.42.9Premier LeagueLiverpool
98%
14.14.8Serie AAC Milan
95%
10.27.3Premier LeagueArsenal
95%
12.16.1La LigaAtlético Madrid
95%
13.16Premier LeagueTottenham Hotspur
95%
11.19BundesligaBorussia Dortmund
93%
15.10.4Serie AInternazionale
93%

Score Distribution

Percentile by Number Answered

Percent of People with Each Score

Your Score History

You have not taken this quiz